00294nam a2200121 a 4500008004100000020001500041050001800056100002100074245002500095260003300120300001000153350000900163120416s0000 ||||||||||||||||| || u a0718122739 aPR 6066.O93B8 aPowell, Margaret10aThe Butler's revenge aLondonbMichael Josephc1984 a203p. a0.00